000 03416nam a22003377a 4500
001 1722
003 FISKH
005 20231003161308.0
008 230920b cb ||||| |||| 00| 0 khr d
020 _a9789924340997
040 _aFISKH
_beng
_cFISKH
_dFISKH
082 _a902
100 _aYeong, Ye
245 _a100 ហេតុការណ៍នៃប្រវត្តិសាស្រ្តពិភពលោក /
_bពីកំណើតមនុស្សរហូតដល់ការដួលរលំរបស់ចក្រភពរ៉ូម :
_cនិពន្ធដោយ យេ យ៉ង, ស៊ីន ជេហ្វាន់ និង ឆាន់ ដុងហូ - គូររូបដោយ ស៊ីន ជេហ្វាន់ និង ឆង់ ដុហូ - បកប្រែពីភាសាកូរ៉េដោយ ទូច វណ្ដា
260 _aPhnom Penh :
_bSipar,
_c2020.
300 _a131 pages :
_bcolor illustrations ;
_c23 cm
490 _aខ្ញុំចង់ដឹង
_v1
505 _aZ'
520 _aនៅក្នុងសៀវភៅទីមួយនៃរូបភាពថ្លុកកំប្លែងស៊េរីនេះ អ្នកអាននឹងត្រូវបានដឹកជញ្ជូនតាមពេលវេលា ដើម្បីធ្វើជាសាក្សីនៃការចាប់ផ្តើមរបស់មនុស្ស និងរបៀបដែលពួកគេរស់នៅ ស្គាល់ប្រភពដើមនៃអរិយធម៌បុរាណនៃពិភពលោក ស្គាល់ជាមួយនឹងអក្សរឆ្អឹង Oracle ទំនៀមទម្លាប់ និងប្រពៃណីរបស់ មជ្ឈិមបូព៌ា ឥណ្ឌា និងចិន ព្រមទាំងការកើនឡើង និងការដួលរលំនៃបាប៊ីឡូន អាថែន និងរ៉ូម។ ក្នុងពេលជាមួយគ្នានោះ អ្នកនឹងបានជួបជាមួយឥស្សរជនប្រវត្តិសាស្ត្រល្បីៗដូចជា សូក្រាត ព្រះពុទ្ធ ខុងជឺ អាឡិចសាន់ឌឺ ជូលីស សេសារ និងជាច្រើនទៀត។
520 _aIn the first book of the series, readers will be transported through time to witness the beginning of human beings and how they lived, get to know the origin of the ancient civilizations of the world, become familiar with the Oracle bone script, customs and traditions of the Middle East, India and China as well as the rise and fall of Babylon, Athens and Rome. At the same time, you will meet famous history figures such as Socrates, Buddha, Confucius, Alexander, Julius Caesar and many more.
521 8 _a1060
_bLexile estimate
521 8 _aZ'
_bRaz-Plus
650 _aកំណើតមនុស្ស
_vអរិយធម៍
_xប្រពៃណី
_yមជ្ឈិមបូព៌ា
650 _aThe birth of human
_vCivilization
_xTradition
_yMiddle East
700 _aJae-hwan, shin
_eAuthor
700 _aDong-ho, Jeong
_eAuthor
700 _aJae-hwan, shin
_eillustrator
700 _aDong-ho, Jeong
_eillustrator
700 _aVanda, Touch
_eTranslator
942 _2ddc
_cKHB
_n0
999 _c1722
_d1722